000 00567nam a2200193Ia 4500
003 GCL
008 140319s9999 xx 000 0 ara d
040 _aGCL /
_cGCL
082 0 4 _a341.245
_bج ب
100 1 _aجيربية، بيير
245 1 0 _aالمنظمات الدولية /
_cجيربية، بيير
700 1 _aمحمد احمد سليمان
300 _a205
490 _aالالف كتاب
_v0
650 0 4 _aالتعاون الدولى
650 0 4 _aالمنظمات الدولية
650 0 4 _aالمجتمع العالمى
942 _2ddc
_cBK
999 _c43458
_d43458